书目信息 |
| 题名: |
谁负责给我们好心情:全国晚报短文选
|
|
| 作者: | 邱慧 编 | |
| 分册: | ||
| 出版信息: | 重庆 重庆大学出版社 1999.03 |
|
| 页数: | 441页 | |
| 开本: | 32开 | |
| 丛书名: | ||
| 单 册: | ||
| 中图分类: | I253 | |
| 科图分类: | ||
| 主题词: | 报告文学--中国 , 传记文学--中国 | |
| 电子资源: | ||
| ISBN: | 7-5624-1937-X | |
| 000 | 00632nam0 2200205 45 | |
| 001 | 0009021701 | |
| 005 | 20000902175703.2 | |
| 010 | @a7-5624-1937-X@d25.00元 | |
| 100 | @a20000902d1999 km y0chiy0120 ea | |
| 101 | 0 | @achi |
| 105 | @a z 000yy | |
| 200 | 1 | @a谁负责给我们好心情:全国晚报短文选@AShui Fu Ze Gei Wo Men Hao Xin Qing:Quan Guo Wan Bao Duan Wen Xuan@f邱慧等编@FQiu Hui Deng Bian |
| 210 | @a重庆@c重庆大学出版社@d1999.03 | |
| 215 | @a441页@d32开 | |
| 606 | 0 | @a报告文学@x中国 |
| 606 | 0 | @a传记文学@x中国 |
| 690 | @aI253@v3 | |
| 701 | 0 | @a邱慧@4编 |
| 801 | @aCN@bPftUser@c20000902 | |
| 905 | @b116171-173@dI253@eQ.684@f3 | |
| 谁负责给我们好心情:全国晚报短文选/邱慧等编.-重庆:重庆大学出版社,1999.03 |
| 441页;32开 |
| ISBN 7-5624-1937-X:25.00元 |
| ● |
| 相关链接 |
|
|
|
正题名:谁负责给我们好心情:全国晚报短文选
索取号:I253/Q.684
 
预约/预借
| 序号 | 登录号 | 条形码 | 馆藏地/架位号 | 状态 | 备注 |
| 1 | 116171 | 201161713 | 社科二线422/422社科库 28排1列1层/ [索取号:I253/Q.684] | 在馆 | |
| 2 | 116172 | 201161722 | 社科二线422/422社科库 28排1列1层/ [索取号:I253/Q.684] | 在馆 | |
| 3 | 116173 | 201161731 | 社科二线400B/400B社科库 24排2列2层/ [索取号:I253/Q.684] | 在馆 |